[Event "BRA-ch 90th"]
[White "Pinto, Pedro Jorge de Mora"]
[Black "Cardoso, Pedro Henrique Barr"]
[Site "Natal"]
[Round "5"]
[Result "0-1"]
[Date "2024.12.15"]
[WhiteElo "1936"]
[BlackElo "1617"]
[PlyCount "48"]
[EventDate "2024.12.13"]
[EventType "swiss"]
[EventRounds "11"]
[EventCountry "BRA"]
[SourceTitle "CB52_2024"]
[SourceDate "2024.12.25"]
[SourceVersion "1"]
[SourceVersionDate "2024.12.25"]
[SourceQuality "1"]

1. Nf3 Nf6 2. c4 g6 3. Nc3 Bg7 4. e4 d6 5. d4 0-0 6. Bg5 Nbd7 7. Qd2 e5 8. 0-0-0 Re8 9. dxe5 Nxe5 10. Nxe5 Rxe5 11. f4 Rxg5 12. fxg5 Nd7 13. h4 Nc5 14. Be2 Qe8 15. Bf3 Be6 16. Nd5 Qd8 17. Kb1 a5 18. h5 Ra6 19. Qf4 Be5 20. Qh4 c6 21. Nf6+ Kf8 22. Nxh7+ Ke7 23. hxg6 Qb6 24. Nf6 Qxb2# 0-1

[Event "Aracaju op"]
[White "Cardoso, Pedro Henrique Barr"]
[Black "Correia, Max do Carmo"]
[Site "Aracaju"]
[Round "2"]
[Result "1/2-1/2"]
[Date "2024.10.18"]
[WhiteElo "1584"]
[BlackElo "2018"]
[PlyCount "35"]
[EventDate "2024.10.18"]
[EventType "swiss"]
[EventRounds "6"]
[EventCountry "BRA"]
[SourceTitle "CB44_2024"]
[Source "Chessbase"]
[SourceDate "2024.10.30"]
[SourceVersion "1"]
[SourceVersionDate "2024.10.30"]
[SourceQuality "1"]

1. e4 e6 2. d4 d5 3. Nd2 Nf6 4. e5 Nfd7 5. Bd3 c5 6. c3 Nc6 7. Ne2 Qb6 8. Nf3 cxd4 9. cxd4 f6 10. Nf4 Nb4 11. Bb1 fxe5 12. dxe5 Bc5 13. 0-0 Nf8 14. Ng5 g6 15. Qf3 Qc7 16. Re1 Qe7 17. Nd3 Nxd3 18. Bxd3 1/2-1/2